00474nam a22001697a 450000500170000000800410001704000090005804100080006708200210007510000240009624500640012026000440018430000270022865000120025565000120026770000250027920220711113913.0220711b ||||| |||| 00| 0 eng d cAloy aeng 223a385.09bMINR aMinistry of Railwys aReport of the railway reforms committee Vol.I Parts I to XI aNew Delhi:bMinistry of Railways,c1982 avi,701p.bHBc30x21cm. aRailway aReports aMINISTRY OF RAILWAYS